On the Route to Glory - 2014 FIFA World Cup - Germany - Statistics

General Stats
  • This quiz has been taken 432 times
  • The average score is 8 of 12
Answer Stats
Answer % Correct
Brazil
98%
Argentina
97%
France
88%
Portugal
88%
United States
85%
Ghana
79%
Algeria
75%
Sweden
70%
Republic of Ireland
60%
Austria
58%
Kazakhstan
28%
Faroe Islands
20%
No matching quizzes found
Score Distribution
Percent of People with Each Score
Percentile by Number Answered
Your Score History
You have not taken this quiz